000 01142nam a2200301 4500
001 2331279
003 IlCrPQL
005 20240417154057.0
008 240416s2023 nyua c 000 1 spa
020 _a1536480533
020 _a9781338896763
020 _a9781536480535
040 _cIlCrPQL
082 1 4 _a636.7
_223
100 1 _aArnold, Tedd.
_924143
245 1 0 _aHombre Mosca presenta :
_bperros /
_cTedd Arnold.
260 _aNew York, NY :
_bScholastic en Espanol,
_c2023.
300 _a1 v. (unpaged) p. :
_bcol. ill. ;
_c23 cm
500 _aOriginally published in English as "Fly Guy presents: dogs"--Title page verso.
520 _aWhile visiting a dog show, Buzz and Fly Guy learn all about man's best friend! From exploring different breeds, to famous dogs throughout history, to learning all about working dogs and more, there's plenty for the best friends to explore.
521 2 _aK12.
521 8 _a630
_bLexile.
526 8 _aAccelerated Reader AR
_bLG
_c3.5
_d0.5
_z522495.
546 8 _aIn Spanish
650 7 _aDog breeds.
_2sears
650 7 _aSpanish language materials.
_2sears
852 _913.95
999 _c395565
_d395565